TOTO: Albums by Cover - Statistics

General Stats
  • This quiz has been taken 24 times
  • The average score is 9 of 14
Answer Stats
Picture Hint Answer % Correct
1979 Hydra
84%
1978 Toto
84%
1982 Toto IV
74%
1986 Fahrenheit
68%
2006 Falling in Between
68%
1999 Mindfields
68%
1988 The Seventh One
68%
1984 Isolation
63%
2018 Old Is New
63%
1995 Tambu
63%
2015 Toto XIV
63%
1981 Turn Back
63%
1992 Kingdom of Desire
58%
2002 Through the Looking Glass
53%
No matching quizzes found
Score Distribution
Percent of People with Each Score
Percentile by Number Answered
Your Score History
You have not taken this quiz